FUNDAMENTALS OF STATISTICS (Record no. 8254)

MARC details
000 -LEADER
fixed length control field 00424nam a22001817a 4500
005 - DATE AND TIME OF LATEST TRANSACTION
control field 20230403144321.0
008 - FIXED-LENGTH DATA ELEMENTS--GENERAL INFORMATION
fixed length control field 230331b |||||||| |||| 00| 0 eng d
020 ## - INTERNATIONAL STANDARD BOOK NUMBER
ISBN 978-935051-769-7
041 ## - LANGUAGE CODE
Language code of text/sound track or separate title eng
082 ## - DEWEY DECIMAL CLASSIFICATION NUMBER
Classification number 519.5 GUP-F
100 ## - MAIN ENTRY--AUTHOR NAME
Personal name GUPTA,S.C
245 ## - TITLE STATEMENT
Title FUNDAMENTALS OF STATISTICS
250 ## - EDITION STATEMENT
Edition statement 7th ed.
260 ## - PUBLICATION, DISTRIBUTION, ETC. (IMPRINT)
Year of publication 2022
300 ## - PHYSICAL DESCRIPTION
Number of Pages 273;P.
650 ## - SUBJECT ADDED ENTRY--TOPICAL TERM
Topical Term PHARMACY
General subdivision B. PHARMA
942 ## - ADDED ENTRY ELEMENTS (KOHA)
Koha item type Books
Holdings
Lost status Damaged status Collection code Home library Current library Shelving location Date acquired Source of acquisition Cost, normal purchase price Full call number Accession Number Koha item type
    MANAGEMENT JRU Library JRU Library SHELF-42-H 23/03/2023 LOHIA BOOK INTERNATIONAL 925.00 519.5 GUP-F 27607 Books
    MANAGEMENT JRU Library JRU Library SHELF-42-H 23/03/2023 LOHIA BOOK INTERNATIONAL 925.00 519.5 GUP-F 27608 Books